Pokemon Talk Characters - Statistics

General Stats
  • This quiz has been taken 147 times
  • The average score is 41 of 75
Answer Stats
Debut Answer % Correct
Genwunners Bulbasaur
95%
Genwunners Squirtle
93%
Eeveelution Bros Umbreon
87%
Eeveelution Bros Jolteon
86%
Genwunners Blaziken
82%
Literally God Arceus
80%
Celebrities Raichu
80%
Let's Go Pikachu and...Who? Eevee
78%
{Name} has no moves Flareon
78%
Whale Jokes Wailord
76%
¡Español! Dragonite
74%
Eeveelution Bros Leafeon
74%
Nein Litten
74%
Tapu Cocoa Tapu Koko
72%
Spotlight Chespin
71%
Oh Brother Chespin
71%
Weather Wars Groudon
71%
Nein Popplio
68%
Nein Rowlet
68%
Weather Wars Kyogre
67%
New CorresponDuck Psyduck
67%
Mega Evolution Treecko
67%
Water My Opinions Vaporeon
67%
Family Visit Blastoise
66%
The{Name}1sOut Oddish
66%
Hot {Name} Girl Dragonair
64%
Weather Wars Rayquaza
64%
Hot Cocoa Charmander
63%
Counting Goomy
63%
Whale Jokes Lapras
63%
Dragon Breath Flygon
62%
Finale Mew
61%
Start of Something New Lucario
59%
Back in Time Celebi
58%
Allergies Froakie
58%
Cold Shoulder Glaceon
58%
Ultra Wormholes Solgaleo
57%
Sociology Sylveon
57%
Danger Yveltal
55%
Computer Bug Genesect
54%
{Name} Libre Hawlucha
53%
Lord Helix Omanyte
53%
{Name} Returns Gengar
51%
{Name}man Zubat
50%
Lost {Name} Marshadow
47%
Family Visit Marill
46%
The Final Episode Mewtwo
46%
Mien Fu Mienfoo
46%
Nightmares Darkrai
45%
Dynamax Piplup
45%
Watch Me Whip Zygarde
45%
Animated Bewear
43%
Mega Duel Al
42%
Holiday Spirits Sableye
42%
Back in Time Archen
41%
Holiday Spirits Banette
41%
Destiny Bonds Ditto
41%
Lord Helix Kabuto
39%
The Final Episode Hoopa
38%
Costumes Mimikyu
38%
Ex Girlfriend Nidoqueen
38%
Destiny Bonds Duskull
36%
Destiny Bonds Rotom
36%
Special Audition Alakazam
34%
The Mysteries of {Name} Diglett
34%
Shadow {Name} Lugia
34%
MandJTV Michael
32%
Dynamax Mudkip
32%
Christmas Special Sceptile
26%
Changes Dedene
21%
Mien Fu Foongus
21%
Christmas Musical Special Delibird
20%
Back in Time Aurora
18%
Season 1 Larry
17%
Destiny Bonds Wobbafett
16%
No matching quizzes found
Score Distribution
Percent of People with Each Score
Percentile by Number Answered
Your Score History
You have not taken this quiz